000 00298nam a2200109 a 4500
005 20140414093828.0
008 970101s19uu xx 00 eng d
050 _aVHS 700
_bR 02
245 _aMusic Magic: 1) Story-telling 2) How we make music 3) Singing games.
942 _cAVM
999 _c108556
_d108556